| 000 | 01829nam a22004577a 4500 | ||
|---|---|---|---|
| 001 | 13622782 | ||
| 003 | OSt | ||
| 005 | 20210426122336.0 | ||
| 008 | 040614s2003 nyu b 001 0 eng d | ||
| 010 | _a 2004274770 | ||
| 020 | _a0393324397 (pbk.) | ||
| 035 | _a(OCoLC)ocm51938065 | ||
| 040 |
_aKUT _cKUT _dDLC _beng |
||
| 041 | _aeng | ||
| 042 | _alccopycat | ||
| 043 |
_ad------ _an-us--- |
||
| 050 | 0 | 0 |
_aHF1418.5 _b.S75 2003 |
| 080 |
_a33 _bS-85 |
||
| 082 | 0 | 4 |
_a337 _221 |
| 100 | 1 | _aStiglitz, Joseph E. | |
| 245 | 1 | 0 |
_aGlobalization and its discontents / _cJoseph E. Stiglitz. _b/ by: W. W. Norton and Company |
| 260 |
_aNew York _bW. W. Norton and Company _cc2003. |
||
| 300 |
_axxii, 288 p. _c22 cm. |
||
| 365 | _b15.95 usd | ||
| 500 | _a"With a new afterword"--Cover. | ||
| 504 | _aIncludes bibliographical references (p. 259-274) and index. | ||
| 505 | 0 | _aThe promise of global institutions -- Broken promises -- Freedom to choose? -- The East Asian crisis : how IMF policies brought the world to the verge of a global meltdown -- Who lost Russia? -- Unfair trade laws and other mischief -- Better roads to the market -- The IMF's other agenda -- The way ahead. | |
| 610 | 2 | 0 |
_aInternational Monetary Fund _zDeveloping countries. |
| 650 | 0 | _aInternational economic integration. | |
| 650 | 0 |
_aEconomics _9446 |
|
| 650 | 0 | _aForeign trade regulation. | |
| 650 | 0 | _aInternational finance. | |
| 650 | 0 |
_aGlobalization _xEconomic aspects. |
|
| 651 | 0 |
_aUnited States _xCommercial policy. |
|
| 653 | _aეკონომიკა | ||
| 653 | _aსაერთაშორისო ფინანსები | ||
| 906 |
_a7 _bcbc _ccopycat _d2 _encip _f20 _gy-gencatlg |
||
| 942 |
_2udc _cBK |
||
| 999 |
_c1136 _d1136 |
||